000 00706nam a22001937i 4500
999 _c23192
_d23192
003 AR-CdUCM
008 250123b20232023 pe||||| |||| 00| 0 spa d
020 _a978-612-49297-0-0
040 _aMUNICIPALIDAD PROVINCIAL DEL CUSCO
_cBIBLIOTECA MUNICIPAL DEL CUSCO
041 _hspa
082 _a869.56 / P65R
_bP65R
100 _aPizarro Pillco, Elver
_932532
245 _aLa rutina de siempre :
_bCuentos /
260 _aWanchaq-Cusco :
_bSieteculebras Editores
_c2023
300 _a75 páginas. :
_c20x12 cm.
505 _aEl ultimo poeta romántico -- El viejo Chevrolet -- Olinda -- La rutina de siempre -- Confesión de parte y relevo de pruebas
942 _2ddc
_cLIBROS
945 _apbjr
_d223-01-2025